000 00390nam a22001697a 4500
003 CEME
005 20210628201627.0
008 210106b xxu||||| |||| 00| 0 eng d
020 _a9781441961693
040 _c.
082 _a610.28 CAR
100 _aCarrara, Sandro
_956073
245 _aNano-bio-sensing
260 _aLONDON
_bSPRINGER
_c2011
300 _aX, 248P
942 _cBK
_2ddc
999 _c566602
_d566602